| 000 | 00407nam a2200169Ia 4500 | ||
|---|---|---|---|
| 008 | 230524s9999 xx 000 0 und d | ||
| 020 | _a0070604606 | ||
| 082 |
_a610.28 _bKHA |
||
| 100 | _aR.S.Khandpur | ||
| 245 | 0 | _aHand Book of Analytical Instruments | |
| 250 | _a2ND | ||
| 260 |
_aNEW DELHI _bTMH _c2003 |
||
| 300 | _aIXV;529 | ||
| 500 | _aQuantity Number: 4 | ||
| 650 | _aBiomedical | ||
| 942 | _cBK | ||
| 999 |
_c31913 _d31913 |
||